000 00320nam a22001217a 4500
020 _a0275099105
082 _a341.249ELA
245 _aTHE ORGANIZATION OF AFRICAN UNITY AFTER TEN YEARS:COMPARATIVE PERSPECTIVES
260 _aLONDON
_bPRAEGER
_c1975
300 _axi,262pg.
_b23cm
500 _ainclude index
942 _cBK
999 _c16985
_d16985